Artists of the 90s - Statistics

General Stats
  • This quiz has been taken 141 times
    80 since last reset
  • The average score is 24 of 50
Answer Stats
Songs Artists % Correct
...Baby One More Time | The Beat Goes On Britney Spears
91%
Vogue | Skin Madonna
87%
Thunderstruck | Money Talks AC/DC
85%
Wannabe | Too Much Spice Girls
84%
Zombie | Salvation The Cranberries
84%
Ice Ice Baby | Too Cold Vanilla Ice
82%
U Can't Touch This | It's All Good MC Hammer
79%
My Name Is | Infinite Eminem
76%
Just A Girl | Don't Speak No Doubt
74%
Hand In My Pocket | Ironic Alanis Morissette
69%
Champagne Supernova | Supersonic Oasis
69%
Nothing Compares 2 U | House of The Rising Sun Sinead O'Connor
68%
Iris | Ain't That Unusual The Goo Goo Dolls
68%
Learn to Fly | Everlong Foo Fighters
65%
Achy Breaky Heart | In The Heart Of A Woman Billy Ray Cyrus
62%
Man! I Feel Like A Woman! | That Don't Impress Me Much Shania Twain
62%
Bitter Sweet Symphony | The Drugs Don't Work The Verve
62%
Lake of Fire | Lithium Nirvana
59%
Keep Their Heads Ringin' | Nuthin' But A "G" Thang Dr. Dre
57%
All Star | Fallen Horses Smash Mouth
57%
Friday I'm In Love |Burn The Cure
57%
Pretty Fly (For A White Guy) | Smash The Offspring
57%
The Sign | Beautiful Life Ace of Base
54%
Freedom! '90 George Michael
54%
Believe | Walkin In Memphis Cher
51%
Things Can Only Get Better | Blame It On Me D:Ream
51%
Mambo No.5 (a Little Bit of...) Lou Bega
49%
Man on the Moon | Shiny Happy People R.E.M
49%
Shoop | Whatta Man Salt-N-Pepa
47%
Cryin' | Something's Gotta Give Aerosmith
46%
I'm Too Sexy | Deeply Dippy Right Said Fred
43%
No Diggity | In A Rush Blackstreet
41%
Parklife | Girls & Boys Blur
37%
Fly Away | It Ain't Over Till It's Over Lenny Kravitz
35%
Walking on Broken Glass | Why Annie Lennox
32%
Alive | Dissident Pearl Jam
31%
I Can't Dance | Something Happened On The Way To Heaven Genesis
29%
Breakfast At Tiffany's | Halo Deep Blue Something
28%
Save Tonight | Falling In Love Again Eagle-Eye Cherry
26%
I'll Be There For You (Friend's Theme) | Save Me The Rembrandts
26%
Let Me Entertain You | Better Days Robbie Williams
25%
C'est La Vie | Jessie Hold On B*Witched
16%
Laid | Sit Down James
15%
Alright | Lose It Supergrass
13%
Here Comes the Hotstepper Ini Kamoze
10%
Connection | Waking Up Elastica
9%
Step Back In Time | If I Was Your Lover Kylie Minogue
9%
The Day We Caught The Train | Robin Hood Ocean Colour Scene
9%
Send Me on My Way | Ecstasy Rusted Root
6%
Sex On The Beach | Boom! Boom! T-Spoon
3%
No matching quizzes found
Score Distribution
Percent of People with Each Score
Percentile by Number Answered
Your Score History
You have not taken this quiz since the last reset